| 000 | 00568nam a2200241 a 4500 | ||
|---|---|---|---|
| 001 | nice12345678 | ||
| 003 | IN_TiNIC | ||
| 005 | 20260116011520.0 | ||
| 008 | 050524s1891 lona grp 000 0 eng | ||
| 020 |
_a _c100 |
||
| 082 | 0 | 0 |
_a939.4 _bRAW |
| 100 | _aRawlinson, George | ||
| 245 | _aPhoenicia | ||
| 260 |
_aLondon _bG.P. Putnam`s Sons _c1891 |
||
| 300 | _a376p | ||
| 500 | _aincludes index and biblioraphy | ||
| 505 | 2 | _aindex, illus | |
| 650 | _aPhoenicia-History | ||
| 700 | 1 | _aRawlinson, George | |
| 902 | _bSRS | ||
| 942 | _cBK | ||
| 999 |
_c2214 _d2214 |
||